LIBRARY & INFORMATION CENTRE, KCAET, TAVANUR

ONLINE PUBLIC ACCESS CATALOGUE (OPAC)

Preservation of fruit and vegitables (Record no. 12203)

MARC details
000 -LEADER
fixed length control field 00361cam a2200133ua 4500
003 - CONTROL NUMBER IDENTIFIER
control field OSt
008 - FIXED-LENGTH DATA ELEMENTS--GENERAL INFORMATION
fixed length control field 180829b ||||| |||| 00| 0 eng d
082 ## - DEWEY DECIMAL CLASSIFICATION NUMBER
Classification number 664.028
Item number GIR/PR
100 ## - MAIN ENTRY--AUTHOR NAME
Personal name Girdharilal, .
245 ## - TITLE STATEMENT
Title Preservation of fruit and vegitables
260 ## - PUBLICATION, DISTRIBUTION, ETC. (IMPRINT)
Place of publication newdelhi
Name of publisher indian council of agricultural research
Year of publication 1959
300 ## - PHYSICAL DESCRIPTION
Number of Pages 358
942 ## - ADDED ENTRY ELEMENTS (KOHA)
Koha item type Books
Holdings
Withdrawn status Lost status Damaged status Home library Current library Date acquired Full call number Accession Number Koha item type
      KAUAET KAUAET 29/08/2018 664.028 GIR/PR 6099 Books
free website counter